| 000 | 00631nam a22001815i 4500 | ||
|---|---|---|---|
| 001 | 167450 | ||
| 003 | ES-MaACL | ||
| 005 | 20230906213530.0 | ||
| 008 | 030116s1888 sp af |||| | spa d | ||
| 040 |
_aCCPB | B _bspa _cCCPB | B |
||
| 100 | 1 |
_aVidal y Ruby, Gabriel. _9133686 |
|
| 245 | 1 | 4 |
_aLos nuevos afustes para morteros rayados / _cpor Gabriel Vidal y Ruby. |
| 260 |
_aBarcelona : _bSección Tipográfica de Ingenieros, _c1888. |
||
| 300 |
_a172 p., XXIX h. de grab. pleg. ; _c23 cm. |
||
| 650 | 4 |
_aArtillería- _xMaterial y equipo. _9135629 |
|
| 752 |
_aEspaña - _dBarcelona |
||
| 852 |
_aES-MaACL _jG-9088 _z-- Enc. hol. |
||
| 999 |
_c167450 _d167450 |
||